[Event "Leeuwarden Open"]
[Site "Leeuwarden NED"]
[Date "1993.??.??"]
[Round "6"]
[White "Kupreichik, Viktor D"]
[Black "Dvoirys, Semen I"]
[Result "1-0"]
[WhiteElo "2560"]
[BlackElo "2590"]
[PlyCount "69"]
[EventDate "1993.08.??"]
[Source "www.chesslib.no"]
[SourceDate "2004.05.04"]

1. e4 c5 2. Nf3 d6 3. Nc3 Nf6 4. d4 cxd4 5. Nxd4 a6 6. h3 e5 7. Nde2 Be7 8. g4 O-O 9. Ng3 Ne8 10. Nd5 Bh4 11. Be3 Nc6 12. Qd2 Nd4 13. O-O-O Nf6 14. Nxf6+ Bxf6 15. c3 Qa5 16. cxd4 Qxa2 17. Qb4 Bd7 18. Bd3 exd4 19. Bf4 Ba4 20. Bb1 a5 21. Bxa2 axb4 22. b3 Bb5 23. Bb1 Rfc8+ 24. Kd2 Be5 25. Bxe5 dxe5 26. Ne2 Ra3 27. Rc1 Bc6 28. Bd3 Rxb3 29. Rb1 Ra3 30. Rhc1 b3 31. Rc5 Ra2+ 32. Ke1 b2 33. Rxe5 Ba4 34. Kd2 f6 35. Rd5 1-0

[Event "Gawlikowski mem 18th"]
[Site "?"]
[Date "1999.??.??"]
[Round "?"]
[White "Mikhaletz Lubomir"]
[Black "Van Wely Loek"]
[Result "0-1"]
[WhiteElo "2485"]
[BlackElo "2636"]
[PlyCount "58"]
[EventDate "1999.??.??"]
[Source "www.chesslib.no"]
[SourceDate "2004.05.04"]

1. e4 c5 2. Nf3 d6 3. d4 cxd4 4. Nxd4 Nf6 5. Nc3 a6 6. h3 b5 7. g4 Bb7 8. Bg2 h6 9. Nd5 Nfd7 10. e5 dxe5 11. Nb3 Nc6 12. a4 bxa4 13. Rxa4 e6 14. Nc3 Be7 15. Be3 O-O 16. h4 Qc7 17. g5 Nd4 18. gxh6 g6 19. Rg1 Bxg2 20. Nxd4 exd4 21. Rxd4 Bc6 22. h5 Ne5 23. hxg6 fxg6 24. Bf4 Kh7 25. Qe2 Rf5 26. Bg3 Bf3 27. Qd2 Bg5 28. Bf4 Bxf4 29. Rxf4 Rxf4 0-1

[Event "Mind Sports Games - Rapid Ind"]
[Site "Pechino CINA"]
[Date "2008.10.06"]
[Round "4"]
[White "Paragua, M."]
[Black "Sandipan, C."]
[Result "1-0"]
[WhiteElo "2526"]
[BlackElo "2579"]
[PlyCount "136"]
[EventDate "2008.10.05"]
[Source "www.chesslib.no"]
[SourceDate "2004.05.04"]

1. e4 c5 2. Nf3 d6 3. d4 cxd4 4. Nxd4 Nf6 5. Nc3 a6 6. h3 e5 7. Nde2 Be6 8. g4 Be7 9. Bg2 Nbd7 10. Ng3 g6 11. Bh6 Qb6 12. Qd2 Qxb2 13. Rb1 Qa3 14. g5 Nh5 15. Nxh5 gxh5 16. O-O Rc8 17. Nd5 Bxd5 18. Qxd5 b5 19. Qb7 Rb8 20. Qc6 Qxa2 21. Rb3 Qa4 22. h4 Qc4 23. Qxa6 Qc8 24. Qxc8+ Rxc8 25. Rxb5 Bf8 26. Bxf8 Rxf8 27. Bh3 Rc7 28. Rd1 Ke7 29. Rbd5 Nc5 30. Rxd6 f6 31. gxf6+ Rxf6 32. Rxf6 Kxf6 33. Rd6+ Kg7 34. Bf5 Re7 35. Kg2 Nb7 36. Rb6 Nd8 37. Rd6 Nf7 38. Rc6 Ra7 39. c4 Ra3 40. c5 Ra7 41. Kf3 Nh6 42. Be6 Kf8 43. Rc8+ Ke7 44. Bd5 Ng4 45. c6 Ra3+ 46. Kg2 Rc3 47. Rc7+ Kd6 48. Rd7+ Kc5 49. Rxh7 Nf6 50. Rd7 Kd4 51. Rd6 Nxe4 52. Rd8 Rc5 53. Be6+ Kc3 54. Bd7 Nf6 55. Rf8 Nd5 56. Kf3 Kd4 57. Rf5 Nb6 58. Rxh5 Rc3+ 59. Kg4 Nd5 60. Rf5 Rc1 61. h5 Ne7 62. Rf6 Nd5 63. Rf7 Rg1+ 64. Kh4 Rh1+ 65. Kg5 Rg1+ 66. Bg4 e4 67. c7 Nb6 68. h6 Kd5 1-0

[Event "Open"]
[Site "Zadar"]
[Date "2004.12.17"]
[Round "7.3"]
[White "Rogic, Davor"]
[Black "Kovacevic, Aleksandar"]
[Result "0-1"]
[WhiteElo "2482"]
[BlackElo "2556"]
[PlyCount "106"]
[EventDate "2004.12.13"]
[Source "Roberto Alvarez"]
[SourceDate "2004.12.13"]

1. e4 c5 2. Nf3 d6 3. d4 cxd4 4. Nxd4 Nf6 5. Nc3 a6 6. h3 Nc6 7. g4 e6 8. Bg2 Qc7 9. Nde2 b5 10. a3 Bb7 11. g5 Nd7 12. b3 Be7 13. O-O h6 14. gxh6 g5 15. f4 gxf4 16. Bxf4 O-O-O 17. Qd2 Rdg8 18. Kh2 Nde5 19. Rad1 Ng6 20. Bxd6 Bxd6+ 21. Qxd6 Qxd6+ 22. Rxd6 Nce5 23. Nf4 Rxh6 24. Nxg6 Rhxg6 25. Rd2 f5 26. Bh1 Rh6 27. Bg2 Rhg6 28. Bh1 Rg3 29. Rg2 Rxg2+ 30. Bxg2 Kd7 31. Bh1 Rc8 32. Nd1 Rxc2+ 33. Kg3 fxe4 34. h4 Ke7 35. h5 Nf7 36. Re1 Rc1 37. Kf4 Rc5 38. Bxe4 Bxe4 39. Rxe4 Rxh5 40. Re3 Rf5+ 41. Kg3 Nd6 42. Nf2 Rc5 43. Kf4 Rf5+ 44. Kg3 Rf8 45. Kg2 Rc8 46. Rh3 Rc2 47. Kf1 Ra2 48. Nd3 Ne4 49. Re3 Nd2+ 50. Ke1 Nxb3 51. Nb4 Rxa3 52. Nc2 Ra2 53. Kd1 Nc5 0-1

[Event "Open internazionale"]
[Site "Philadellphia, USA"]
[Date "2008.06.27"]
[Round "3"]
[White "Gopal, G N."]
[Black "Prasad, Arun"]
[Result "1/2-1/2"]
[WhiteElo "2562"]
[BlackElo "2465"]
[PlyCount "88"]
[EventDate "2008.06.26"]
[Source "www.chesslib.no"]
[SourceDate "2004.05.04"]

1. e4 c5 2. Nf3 d6 3. d4 cxd4 4. Nxd4 Nf6 5. Nc3 a6 6. h3 Nc6 7. g4 g6 8. Bg2 Bd7 9. g5 Nh5 10. Bf3 Nxd4 11. Qxd4 Bg7 12. Qd3 Rc8 13. Bd2 b5 14. Bxh5 gxh5 15. Nd1 Be6 16. Bc3 Bxc3+ 17. Nxc3 Qa5 18. f4 b4 19. Nd1 b3+ 20. c3 bxa2 21. Ne3 Qb6 22. Rh2 h6 23. h4 hxg5 24. hxg5 Bc4 25. Qd4 Qxd4 26. cxd4 Bb3 27. Rd2 e6 28. Kf2 a5 29. Kg3 Kd7 30. Kh4 Rc7 31. Nd1 Rc4 32. Nc3 Rb4 33. Ne2 Rc8 34. Kxh5 Rc2 35. Rxc2 Bxc2 36. Rxa2 Bd1 37. b3 Rxd4 38. g6 fxg6+ 39. Kg5 Rd3 40. Kxg6 Re3 41. Nd4 Rxe4 42. Rd2 Bg4 43. Kg5 Bh3 44. Rd3 Bf1 1/2-1/2

[Event "Bad Endbach"]
[Site "Bad Endbach"]
[Date "1995.??.??"]
[Round "?"]
[White "Kupreichik, Viktor D"]
[Black "Tischbierek, Raj"]
[Result "1-0"]
[WhiteElo "2500"]
[BlackElo "2520"]
[PlyCount "97"]
[EventDate "1995.04.??"]
[Source "ChessBase"]

1. e4 c5 2. Nf3 d6 3. d4 cxd4 4. Nxd4 Nf6 5. Nc3 a6 6. h3 g6 7. f4 Bg7 8. Be3 O-O 9. Qf3 e5 10. Nb3 b5 11. O-O-O b4 12. Na4 Nbd7 13. Rxd6 Qe7 14. Rd1 exf4 15. Qxf4 Nxe4 16. Bd3 f5 17. Rhe1 Be5 18. Bc4+ Kh8 19. Bd4 Bb7 20. Na5 Bxd4 21. Rxd4 Ndf6 22. g4 fxg4 23. Nxb7 Qxb7 24. hxg4 Rae8 25. g5 Nh5 26. Rdxe4 Nxf4 27. Rxe8 Ne6 28. R1xe6 Qf7 29. Rxf8+ Qxf8 30. Re4 h5 31. gxh6 Qxh6+ 32. Kd1 Qh1+ 33. Re1 Qf3+ 34. Be2 Qd5+ 35. Bd3 Qxa2 36. b3 Qa1+ 37. Kd2 Qf6 38. Rf1 Qd4 39. Re1 g5 40. Re4 Qf2+ 41. Be2 a5 42. Nb2 Qf5 43. Rc4 Qd5+ 44. Nd3 Kg7 45. Rc5 Qd8 46. Bf3 Kf6 47. Ke3 Qe7+ 48. Be4 Qd8 49. Kf3 1-0

[Event "URS-sf"]
[Site "Daugavpils"]
[Date "1989.??.??"]
[Round "?"]
[White "Kupreichik, Viktor D"]
[Black "Petrosian, Arshak B"]
[Result "1/2-1/2"]
[WhiteElo "2520"]
[BlackElo "2490"]
[PlyCount "133"]
[EventDate "1989.11.??"]
[Source "ChessBase"]

1. e4 c5 2. Nc3 d6 3. Nf3 Nf6 4. d4 cxd4 5. Nxd4 a6 6. h3 Nc6 7. g4 e6 8. Bg2 Qc7 9. O-O Be7 10. g5 Nd7 11. Nce2 O-O 12. f4 Re8 13. c3 Bf8 14. a4 e5 15. Nc2 exf4 16. Nxf4 Nc5 17. Nd5 Qd8 18. Be3 Be6 19. a5 Bxd5 20. Qxd5 Qc7 21. b4 Ne6 22. Bb6 Qe7 23. h4 g6 24. Ne3 Bg7 25. Qb3 Nc7 26. Ra2 Ne5 27. Rd2 Rac8 28. Bh3 Ne6 29. c4 Qd7 30. Rd5 Qc6 31. Rfd1 Nxc4 32. Rc1 Nxa5 33. Rxc6 Nxb3 34. Rxc8 Rxc8 35. Rxd6 Re8 36. Nd5 Ned4 37. Kf2 Be5 38. Nf6+ Bxf6 39. gxf6 Nb5 40. Rd7 h6 41. Re7 Kf8 42. Rxb7 Nd6 43. Ra7 Nxe4+ 44. Kg1 Nxf6 45. Rxa6 Nd5 46. Bf2 Nxb4 47. Ra3 Nd3 48. Rxb3 Nxf2 49. Kxf2 Re4 50. Kg3 g5 51. h5 Rf4 52. Bg4 Kg7 53. Bf3 Rf6 54. Rb1 Rf4 55. Rf1 Kf6 56. Rf2 Ke7 57. Bd1 Kf8 58. Rd2 Kg7 59. Bc2 Rf6 60. Rd3 Rf4 61. Kg2 Rf6 62. Rd5 Rf4 63. Bd3 Kf6 64. Bc2 Kg7 65. Re5 Kf6 66. Re3 Kg7 67. Bd1 1/2-1/2

[Event "SPICE Cup"]
[Site "Lubbock USA"]
[Date "2007.11.11"]
[Round "4"]
[White "Schneider, Dm"]
[Black "Leon Hoyos, M."]
[Result "1/2-1/2"]
[WhiteElo "2502"]
[BlackElo "2495"]
[PlyCount "118"]
[EventDate "2007.11.09"]
[Source "www.chesslib.no"]
[SourceDate "2004.05.04"]

1. e4 c5 2. Nf3 d6 3. d4 cxd4 4. Nxd4 Nf6 5. Nc3 a6 6. h3 g6 7. g4 Bg7 8. g5 Nfd7 9. Be3 h6 10. gxh6 Bxh6 11. Bxh6 Rxh6 12. Qd2 Rh4 13. f4 Nc6 14. Nf3 Rh8 15. O-O-O Nc5 16. e5 Be6 17. exd6 exd6 18. Qxd6 Qxd6 19. Rxd6 Ke7 20. Rd1 Rad8 21. Bg2 Rxd1+ 22. Kxd1 Bf5 23. Kc1 Ne6 24. Nd5+ Kf8 25. Ng5 Rh4 26. Nf3 Rh8 27. Ne5 Ncd4 28. Ne3 b5 29. Nxf5 gxf5 30. Bb7 Nc5 31. Bd5 Ne2+ 32. Kd2 Nxf4 33. Bxf7 Rxh3 34. Rxh3 Nxh3 35. b4 Ne4+ 36. Ke3 Ke7 37. Bb3 Kd6 38. Nf3 Nhg5 39. Nxg5 Nxg5 40. Kf4 Ne6+ 41. Kxf5 Nd4+ 42. Ke4 Nc6 43. c3 a5 44. a3 axb4 45. axb4 Ne7 46. Bf7 Kc7 47. Ke5 Nc6+ 48. Kd5 Kb6 49. Kd6 Nb8 50. Bd5 Na6 51. Be6 Nb8 52. Bd5 Na6 53. Kd7 Nb8+ 54. Ke6 Na6 55. Ba2 Nc7+ 56. Kd6 Na6 57. Be6 Nb8 58. Bc8 Nc6 59. Bd7 Nb8 1/2-1/2

[Event "Abihome op"]
[Site "Brussels"]
[Date "2000.10.07"]
[Round "5"]
[White "Baklan, Vladimir"]
[Black "Bekker Jensen, Simon"]
[Result "1/2-1/2"]
[WhiteElo "2599"]
[BlackElo "2388"]
[PlyCount "52"]
[EventDate "2000.10.07"]
[Source "www.chesslib.no"]
[SourceDate "2004.05.04"]

1. e4 c5 2. Nf3 d6 3. d4 Nf6 4. Nc3 cxd4 5. Nxd4 a6 6. h3 g6 7. Be2 Bg7 8. O-O O-O 9. Re1 Nc6 10. Nb3 Qc7 11. Bg5 Be6 12. Qd2 b5 13. Bf1 Qb7 14. Rad1 Rac8 15. Nd5 Bxd5 16. exd5 Ne5 17. Na5 Qc7 18. f4 Nc4 19. Nxc4 bxc4 20. c3 Rfe8 21. Bh4 Qa5 22. Bf2 Qxa2 23. Ra1 Qb3 24. g4 Qb5 25. Rad1 Nd7 26. Re4 Nf6 1/2-1/2

[Event "Corr"]
[Site "?"]
[Date "2000.09.25"]
[Round "?"]
[White "Kupsys Alfonsas (LTU)"]
[Black "Gunnlaugsson Gisli (ISL)"]
[Result "1-0"]
[WhiteElo "2551"]
[BlackElo "2434"]
[PlyCount "97"]
[EventDate "2000.??.??"]
[Source "www.chesslib.no"]
[SourceDate "2004.05.04"]

1. e4 c5 2. Nf3 d6 3. d4 cxd4 4. Nxd4 Nf6 5. Nc3 a6 6. h3 b5 7. g4 Bb7 8. Bg2 e6 9. a3 Be7 10. O-O Qc7 11. f4 Nc6 12. Nde2 O-O 13. Be3 Na5 14. b3 Rac8 15. g5 Nd7 16. Qd2 f5 17. Rad1 Nb6 18. Nxb5 axb5 19. Qxa5 Nd5 20. Qxc7 Nxc7 21. exf5 Bxg2 22. Kxg2 Nd5 23. Kf3 Nxe3 24. Kxe3 e5 25. fxe5 Bxg5+ 26. Ke4 dxe5 27. c3 Rfd8 28. Rd5 Rxd5 29. Kxd5 Kf7 30. Rg1 Be7 31. b4 Bh4 32. Rg4 Be1 33. c4 Rd8+ 34. Kc5 bxc4 35. Kxc4 Rc8+ 36. Kb3 Rd8 37. Rg1 Bh4 38. a4 Rd3+ 39. Kc4 Rxh3 40. a5 Re3 41. Nc3 Be1 42. Nd5 Re4+ 43. Kb5 Bf2 44. Rf1 Re2 45. Nc3 Rc2 46. Rxf2 Rxf2 47. a6 Rd2 48. a7 Rd8 49. Ka6 1-0

[Event "JUG Team Ch"]
[Site "Cetinje"]
[Date "1992.??.??"]
[Round "?"]
[White "Kupreichik, Viktor D"]
[Black "Muhutdinov, Marat"]
[Result "1-0"]
[WhiteElo "2555"]
[BlackElo "2425"]
[PlyCount "75"]
[EventDate "1992.??.??"]
[Source "www.chesslib.no"]
[SourceDate "2004.05.04"]

1. e4 c5 2. Nf3 d6 3. Nc3 Nf6 4. d4 cxd4 5. Nxd4 a6 6. h3 b5 7. g4 Bb7 8. Bg2 e5 9. Nf5 b4 10. Nd5 Nxd5 11. exd5 g6 12. Ng3 Be7 13. Bh6 Bg5 14. Bxg5 Qxg5 15. Ne4 Qe7 16. Qd2 a5 17. a3 O-O 18. axb4 axb4 19. O-O f5 20. Rxa8 Bxa8 21. Ra1 Nd7 22. gxf5 gxf5 23. Ng3 f4 24. Ne4 Kh8 25. Ra6 Rg8 26. Kf1 Nf6 27. Nxf6 Qxf6 28. Be4 Qh6 29. Ra7 Qxh3+ 30. Ke2 Qh5+ 31. Kd3 Qh3+ 32. f3 Qf1+ 33. Qe2 Qxe2+ 34. Kxe2 Rb8 35. Rxh7+ Kg8 36. Rd7 Bb7 37. Rxd6 Kf7 38. Rb6 1-0

[Event "1st Israel Int Op"]
[Site "Ashdod"]
[Date "2003.10.13"]
[Round "2"]
[White "Bar, Roman"]
[Black "Savchenko, Stanislav"]
[Result "1/2-1/2"]
[WhiteElo "2410"]
[BlackElo "2563"]
[PlyCount "36"]
[EventDate "2003.10.04"]
[Source "Roberto Alvarez"]
[SourceDate "2003.10.20"]

1. e4 c5 2. Nf3 d6 3. d4 cxd4 4. Nxd4 Nf6 5. Nc3 a6 6. h3 g6 7. g4 Bg7 8. g5 Nh5 9. Be2 e5 10. Nb3 Nf4 11. Nd5 Nxd5 12. Qxd5 Nc6 13. Bg4 Bxg4 14. hxg4 Qc8 15. Qd1 O-O 16. Be3 b5 17. c3 b4 18. Rc1 Qb7 1/2-1/2

[Event "Calcutta op"]
[Site "Calcutta"]
[Date "1996.??.??"]
[Round "3"]
[White "Slobodjan, Roman"]
[Black "Szekely, Peter"]
[Result "1-0"]
[WhiteElo "2525"]
[BlackElo "2435"]
[PlyCount "71"]
[EventDate "1996.02.??"]
[Source "ChessBase"]

1. e4 c5 2. Nf3 d6 3. d4 cxd4 4. Nxd4 Nf6 5. Nc3 a6 6. h3 Nc6 7. g4 g6 8. Bg2 Nxd4 9. Qxd4 Bg7 10. Be3 O-O 11. Qd2 Be6 12. O-O Nd7 13. Rab1 Qa5 14. Nd5 Qxd2 15. Bxd2 Bxd5 16. exd5 Rfc8 17. c3 Rc7 18. Rfe1 Kf8 19. Re2 b5 20. a3 Rb8 21. f4 Nb6 22. Bf3 Nc4 23. Be1 a5 24. Kg2 Rb6 25. h4 Rb8 26. g5 Re8 27. h5 e5 28. dxe6 Rxe6 29. h6 Bh8 30. Bf2 a4 31. Bg4 Rxe2 32. Bxe2 Re7 33. Bxc4 bxc4 34. Rd1 Rd7 35. Rd5 f6 36. Bd4 1-0

[Event "IX Open"]
[Site "Dubai EAU"]
[Date "2007.04.28"]
[Round "7"]
[White "Gopal, G."]
[Black "Adly, A."]
[Result "1/2-1/2"]
[WhiteElo "2455"]
[BlackElo "2503"]
[PlyCount "117"]
[EventDate "2007.04.22"]
[Source "www.chesslib.no"]
[SourceDate "2004.05.04"]

1. e4 c5 2. Nf3 d6 3. d4 Nf6 4. Nc3 cxd4 5. Nxd4 a6 6. h3 e5 7. Nde2 Be6 8. g4 Nbd7 9. Ng3 Nb6 10. g5 Nfd7 11. h4 Rc8 12. Bg2 h6 13. gxh6 gxh6 14. Nd5 Nf6 15. Nxf6+ Qxf6 16. b3 Nd7 17. c4 b5 18. cxb5 axb5 19. Be3 Rg8 20. Rc1 Qd8 21. Rxc8 Qxc8 22. Qd3 Qa6 23. O-O Qxa2 24. Rc1 Qxb3 25. Rc8+ Ke7 26. Qd2 Qa2 27. Nf5+ Kf6 28. Nxh6 Bxh6 29. Qxa2 Bxa2 30. Rxg8 Bxe3 31. fxe3 b4 32. h5 Ke7 33. h6 Nf8 34. Bh3 b3 35. Rg2 Bb1 36. Rb2 Bc2 37. Bf5 Kf6 38. Kf2 d5 39. Ke1 dxe4 40. Bg4 Kg6 41. Bd1 Bxd1 42. Kxd1 Kxh6 43. Rxb3 Kg5 44. Rb7 f5 45. Re7 Kf6 46. Re8 Ne6 47. Ke2 f4 48. Rh8 Nc5 49. Rh5 Nd3 50. Rh8 Ke6 51. exf4 exf4 52. Re8+ Kd5 53. Rd8+ Kc4 54. Rf8 Nc1+ 55. Kd1 Nd3 56. Ke2 Kc3 57. Rxf4 Nxf4+ 58. Ke3 Nd5+ 59. Kxe4 1/2-1/2

[Event "URS Ch otbor56"]
[Site "Blagoveshchensk"]
[Date "1988.??.??"]
[Round "?"]
[White "Kupreichik, Viktor D"]
[Black "Anastasian, Ashot"]
[Result "1/2-1/2"]
[WhiteElo "2510"]
[BlackElo "2445"]
[PlyCount "124"]
[EventDate "1988.08.??"]
[Source "www.chesslib.no"]
[SourceDate "2004.05.04"]

1. e4 c5 2. Nf3 d6 3. Nc3 Nf6 4. d4 cxd4 5. Nxd4 a6 6. h3 Nc6 7. g4 Nxd4 8. Qxd4 e5 9. Qd3 h6 10. Be3 Be6 11. O-O-O Rc8 12. Kb1 Be7 13. f4 Qa5 14. Nd5 Bxd5 15. exd5 Nd7 16. h4 exf4 17. Bxf4 Qb4 18. Qe3 Kd8 19. Rd4 Qb6 20. Qd2 Nc5 21. Rb4 Qc7 22. a4 a5 23. Rc4 Bf6 24. g5 hxg5 25. Bxg5 Bxg5 26. Qxg5+ f6 27. Qg3 Qe7 28. Bh3 Rc7 29. Re1 Qf8 30. Bf5 Rh5 31. Qg4 Qh8 32. Bg6 Re5 33. Rxe5 fxe5 34. Qg5+ Kc8 35. Rxc5 Rxc5 36. Qe7 Rc7 37. Qxd6 Kb8 38. Qxe5 Qf8 39. h5 Qc5 40. Bf5 Ka7 41. c3 Rf7 42. Qe4 Qf2 43. Bg6 Rf4 44. Qd3 Qf1+ 45. Qxf1 Rxf1+ 46. Kc2 Rf2+ 47. Kd3 Rxb2 48. Kd4 Kb6 49. c4 Kc7 50. Ke5 Re2+ 51. Kd4 Kd8 52. Kc5 Rb2 53. d6 Rb4 54. Bc2 Ke8 55. Kd5 Kf7 56. Ke5 Ke8 57. Kd5 Kd8 58. Kc5 Rb2 59. Be4 Rb4 60. Bc2 Kd7 61. Bf5+ Ke8 62. Bg6+ Kd8 1/2-1/2

[Event "Biel MTO"]
[Site "Biel"]
[Date "1999.07.25"]
[Round "6"]
[White "Kveinys, Aloyzas"]
[Black "Nemet, Ivan"]
[Result "0-1"]
[WhiteElo "2515"]
[BlackElo "2435"]
[PlyCount "120"]
[EventDate "1999.07.??"]
[Source "www.chesslib.no"]
[SourceDate "2004.05.04"]

1. e4 c5 2. Nf3 d6 3. d4 cxd4 4. Nxd4 Nf6 5. Nc3 a6 6. h3 e5 7. Nf3 Be6 8. Be3 Nbd7 9. Ng5 Rc8 10. Nxe6 fxe6 11. Be2 Be7 12. Bh5+ g6 13. Bg4 Kf7 14. O-O Nxg4 15. Qxg4 Nf6 16. Qe2 Kg7 17. f4 Rf8 18. Qd2 Rf7 19. fxe5 dxe5 20. Bh6+ Kg8 21. Qxd8+ Bxd8 22. Rf3 Ne8 23. Rxf7 Kxf7 24. Rf1+ Bf6 25. Nd1 Kg8 26. c3 Bg7 27. Bg5 Nd6 28. Nf2 Nf7 29. Be3 Kf8 30. Rd1 Ke8 31. Kf1 Bf8 32. Ke2 b5 33. Nd3 a5 34. Kf3 a4 35. Rc1 Rd8 36. Nf2 Nd6 37. Bc5 Nc4 38. Bxf8 Kxf8 39. Rd1 Rc8 40. Nd3 a3 41. bxa3 Ra8 42. Nc5 Rxa3 43. Rd8+ Ke7 44. Rd7+ Ke8 45. Rxh7 Rxc3+ 46. Kf2 Rc2+ 47. Kg3 Rxa2 48. Rg7 Ne3 49. Nxe6 b4 50. Nc7+ Kd8 51. Nd5 Nf1+ 52. Kf3 b3 53. Rb7 Rc2 54. Nb4 Rc3+ 55. Kf2 Nd2 56. Ke2 Nxe4 57. Nd5 Rc2+ 58. Ke3 Nc5 59. Rb8+ Kd7 60. g4 Rh2 0-1

[Event "Swidnica op"]
[Site "Swidnica"]
[Date "1999.07.05"]
[Round "8"]
[White "Mikhaletz, Lubomir"]
[Black "Berezin, Oleg"]
[Result "0-1"]
[WhiteElo "2485"]
[BlackElo "2451"]
[PlyCount "134"]
[EventDate "1999.06.28"]
[Source "www.chesslib.no"]
[SourceDate "2004.05.04"]

1. e4 c5 2. Nf3 d6 3. d4 cxd4 4. Nxd4 Nf6 5. Nc3 a6 6. h3 g6 7. g4 Bg7 8. g5 Nh5 9. Nb3 e5 10. Nd5 O-O 11. h4 Be6 12. Be2 Nf4 13. Bxf4 exf4 14. c3 Bxd5 15. Qxd5 Nc6 16. O-O-O Qb6 17. f3 Rfd8 18. h5 Qc7 19. hxg6 hxg6 20. Kb1 b5 21. Rh4 b4 22. cxb4 Nxb4 23. Qd2 Rab8 24. Rc1 Qb6 25. Bc4 d5 26. exd5 Nxd5 27. Rch1 Nc3+ 28. Qxc3 Bxc3 29. bxc3 Kf8 30. Rh8+ Ke7 31. R8h7 Rf8 32. Re1+ Kd8 33. Rd1+ Kc8 34. Rd4 Rb7 35. Rh4 Rd7 36. Rhxf4 Rxd4 37. Rxd4 Rd8 38. Bxf7 Rxd4 39. cxd4 Kd8 40. Bc4 a5 41. Kc2 Ke7 42. Kd3 Qc7 43. Bd5 Qd6 44. Ke4 Qb4 45. Nc5 Qb1+ 46. Ke3 Qf5 47. Be4 Qxg5+ 48. Kd3 Qg2 49. a4 Qb2 50. Kc4 g5 51. Kd5 Qb6 52. Kc4 Qd6 53. Bb7 Kf7 54. Bd5+ Kg6 55. Be4+ Kh5 56. Bb7 Kh4 57. Be4 Kg3 58. Bb7 Kh2 59. Kd3 Kg1 60. Ba8 Kf1 61. Bb7 Ke1 62. Ba8 Kd1 63. Be4 Qb6 64. Bb7 Qb1+ 65. Ke3 Qf5 66. Be4 Qf4+ 67. Kd3 Qc1 0-1

[Event "Weilburg NBG Open"]
[Site "Weilburg GER"]
[Date "1995.??.??"]
[Round "6"]
[White "Kveinys, Aloyzas"]
[Black "Kulaots, Kaido"]
[Result "1-0"]
[WhiteElo "2525"]
[BlackElo "2410"]
[PlyCount "79"]
[EventDate "1995.10.??"]
[Source "www.chesslib.no"]
[SourceDate "2004.05.04"]

1. e4 c5 2. Nf3 d6 3. d4 cxd4 4. Nxd4 Nf6 5. Nc3 a6 6. h3 g6 7. Bc4 Bg7 8. O-O O-O 9. Re1 b5 10. Bb3 e6 11. Bg5 Bb7 12. Qd2 Nbd7 13. Bxe6 fxe6 14. Nxe6 Qe7 15. Nxg7 Qxg7 16. Bh6 Qf7 17. Bxf8 Qxf8 18. Rad1 b4 19. Nd5 Bxd5 20. exd5 a5 21. c3 Rb8 22. cxb4 Rxb4 23. a3 Rb5 24. Qe2 Rb8 25. Rd4 Ne5 26. Ra4 Qd8 27. Qd2 Rb5 28. Rd4 Qb6 29. b4 axb4 30. a4 Rc5 31. Rxb4 Qa7 32. Reb1 Rc7 33. a5 Kg7 34. Qa2 Nfd7 35. a6 Nc5 36. Rb6 Rd7 37. Qa1 g5 38. Qd4 Qc7 39. Rc6 Qa5 40. h4 1-0

[Event "Kemerovo2"]
[Site "Kemerovo"]
[Date "1995.??.??"]
[Round "7"]
[White "Kupreichik, Viktor D"]
[Black "Nevostrujev, Vladimir"]
[Result "1/2-1/2"]
[WhiteElo "2525"]
[BlackElo "2410"]
[PlyCount "128"]
[EventDate "1995.08.??"]
[Source "ChessBase"]

1. e4 c5 2. Nf3 d6 3. Nc3 Nf6 4. d4 cxd4 5. Nxd4 a6 6. h3 e5 7. Nde2 Be6 8. f4 Nh5 9. Qd3 exf4 10. Bxf4 Nc6 11. Bh2 Ne5 12. Qd4 Rc8 13. O-O-O Qa5 14. Nd5 Nc6 15. Qb6 Qxa2 16. Nec3 Qa1+ 17. Kd2 Qa5 18. Qxb7 Nf6 19. Qxa6 Nxe4+ 20. Kc1 Nxc3 21. Nxc3 Be7 22. Qxa5 Nxa5 23. Bb5+ Kf8 24. Rhe1 Nc4 25. Bxc4 Rxc4 26. Bxd6 Bxd6 27. Rxd6 Ke7 28. Ra6 Rhc8 29. Re4 R4c5 30. Re2 Kf8 31. Ne4 Re5 32. Ra4 f5 33. Rf2 Kg8 34. Nc3 g5 35. Ra7 f4 36. Re7 h6 37. Rd2 Re1+ 38. Rd1 Rxd1+ 39. Kxd1 Rc6 40. Ra7 Kf8 41. Ra3 Rd6+ 42. Kc1 Bc4 43. h4 f3 44. gxf3 gxh4 45. Ra4 Rc6 46. Kd2 h3 47. Ne4 h2 48. Nf2 Kf7 49. Ra1 Re6 50. Re1 Rxe1 51. Kxe1 Bd5 52. Ke2 Bc4+ 53. Ke3 Bf1 54. b4 Ke6 55. Kf4 Bg2 56. b5 h1=Q 57. Nxh1 Bxh1 58. c4 Bg2 59. c5 Bf1 60. b6 Ba6 61. c6 Kd6 62. b7 Kc7 63. Kf5 Bb5 64. Kg6 Bxc6 1/2-1/2

[Event "XI Festival"]
[Site "Voronezh RUS"]
[Date "2007.06.16"]
[Round "5"]
[White "Anoshkin, A."]
[Black "Khismatullin, D."]
[Result "1/2-1/2"]
[WhiteElo "2363"]
[BlackElo "2570"]
[PlyCount "103"]
[EventDate "2007.06.12"]
[Source "www.chesslib.no"]
[SourceDate "2004.05.04"]

1. e4 c5 2. Nf3 d6 3. d4 cxd4 4. Nxd4 Nf6 5. Nc3 a6 6. h3 b5 7. g4 Bb7 8. Bg2 e6 9. a3 h6 10. O-O Nbd7 11. f4 g6 12. Qe1 Qc7 13. Qf2 Nc5 14. Re1 Be7 15. b4 Ncd7 16. Bb2 e5 17. Nb3 Rc8 18. Na5 O-O 19. Nd5 Bxd5 20. exd5 Qxc2 21. Re2 Qc7 22. Nc6 Rce8 23. fxe5 dxe5 24. Rc1 Qb6 25. Qxb6 Nxb6 26. Rxe5 Bd6 27. Rxe8 Nxe8 28. Bd4 Nc4 29. a4 f5 30. axb5 axb5 31. Na7 Bf4 32. Re1 Nc7 33. Bc5 Bd6 34. Bf1 Nxd5 35. Bxd6 Nxd6 36. Rd1 Ne3 37. Rxd6 Nxf1 38. Kxf1 fxg4+ 39. Kg2 gxh3+ 40. Kxh3 Rf3+ 41. Kg4 Rb3 42. Rd4 Kg7 43. Nxb5 h5+ 44. Kg5 Rg3+ 45. Kh4 Rb3 46. Nc7 Kf8 47. Rd6 Ke7 48. Rd5 Kf6 49. b5 Rb4+ 50. Kh3 Rb3+ 51. Kh2 g5 52. Ne8+ 1/2-1/2

[Event "ST Lee Cup 4th"]
[Site "Beijing"]
[Date "1997.09.04"]
[Round "11"]
[White "Zhang Pengxiang"]
[Black "Pigusov, Evgeny"]
[Result "0-1"]
[WhiteElo "2360"]
[BlackElo "2560"]
[PlyCount "104"]
[EventDate "1997.08.23"]
[Source "ChessBase"]
[SourceDate "1997.11.23"]

1. e4 c5 2. Nf3 d6 3. d4 cxd4 4. Nxd4 Nf6 5. Nc3 a6 6. h3 g6 7. g4 Bg7 8. Be3 Nc6 9. Nb3 b5 10. g5 Nd7 11. a3 Bb7 12. h4 Na5 13. Bd4 e5 14. Nxa5 Qxa5 15. Be3 Bf8 16. Bh3 Rd8 17. O-O h6 18. Kg2 Qc7 19. Nd5 Bxd5 20. Qxd5 Be7 21. Rac1 hxg5 22. hxg5 Nb6 23. Qd3 Nc4 24. Rh1 Nxb2 25. Qd5 Nc4 26. a4 Nxe3+ 27. fxe3 Qc4 28. Kf3 Qxd5 29. exd5 bxa4 30. Ra1 Bxg5 31. Rxa4 f5 32. e4 Rh4 33. Bg2 Rf4+ 34. Ke2 Bh4 35. Rf1 Rc8 36. Rxf4 exf4 37. Kd3 Bf6 38. exf5 Rc3+ 39. Kd2 g5 40. Bf1 Rc5 41. Bd3 a5 42. c4 g4 43. Ra3 Bd4 44. Bf1 Kf7 45. Kd3 Be5 46. Rb3 Rc7 47. Rb6 f3 48. Ke3 Re7 49. c5 Bg3+ 50. Kd3 dxc5 51. Rg6 Re1 52. Rxg4 c4+ 0-1

[Event "IDS op-29 A"]
[Site "Dortmund"]
[Date "2001.07.21"]
[Round "10"]
[White "Saltaev, Mihail"]
[Black "Scholz, Christian"]
[Result "1/2-1/2"]
[WhiteElo "2510"]
[BlackElo "2395"]
[PlyCount "43"]
[EventDate "2001.07.12"]
[Source "www.chesslib.no"]
[SourceDate "2004.05.04"]

1. e4 c5 2. Nf3 d6 3. d4 cxd4 4. Nxd4 Nf6 5. Nc3 a6 6. h3 Nc6 7. g4 e6 8. Bg2 Qb6 9. Nde2 Be7 10. O-O O-O 11. Ng3 Nd7 12. Kh1 Qc7 13. f4 Re8 14. g5 Bf8 15. b3 b5 16. Bb2 Bb7 17. Nh5 Rad8 18. Rc1 b4 19. Ne2 d5 20. exd5 exd5 21. Nd4 Nc5 22. c3 1/2-1/2

[Event "Venice"]
[Site "Venice ITA"]
[Date "1971.??.??"]
[Round "6"]
[White "Mariotti, Sergio"]
[Black "Tatai, Stefano"]
[Result "1-0"]
[WhiteElo "2450"]
[BlackElo "2450"]
[PlyCount "85"]
[EventDate "1971.10.??"]
[Source "www.chesslib.no"]
[SourceDate "2004.05.04"]

1. e4 c5 2. Nf3 d6 3. d4 cxd4 4. Nxd4 Nf6 5. Nc3 a6 6. h3 g6 7. g4 Bg7 8. Bg2 O-O 9. Be3 Nbd7 10. Qe2 e5 11. Nb3 b5 12. a3 Nb6 13. O-O-O Nc4 14. Bg5 Be6 15. f4 h6 16. Bxf6 Bxf6 17. f5 Bd7 18. Nd5 Bg5+ 19. Kb1 Bc6 20. Qf2 Bxd5 21. Rxd5 Bh4 22. Qg1 Qc7 23. Bf1 Rfc8 24. Bd3 g5 25. Rh2 Nb6 26. f6 Re8 27. Nd2 Qd8 28. Nf3 Nxd5 29. Nxh4 Qxf6 30. exd5 gxh4 31. Rf2 Qg7 32. Be4 Qg5 33. Qe1 Kg7 34. Rf5 Qe7 35. Qe3 Qa7 36. Qf3 Rg8 37. Rh5 Qg1+ 38. Ka2 Qg3 39. Qf5 Qf4 40. Qh7+ Kf8 41. Rf5 Rg7 42. Qh8+ Rg8 43. Qf6 1-0